[Event "BCF-ch 5-day op PM Week 1"]
[Site "Torquay"]
[Date "2013.07.31"]
[Round "2.86"]
[White "Morris Hill, Ray"]
[Black "Evans, Paul"]
[Result "1/2-1/2"]
[WhiteElo "2010"]
[BlackElo "1951"]
[PlyCount "64"]
[EventDate "2013.07.29"]
[EventType "swiss"]
[EventRounds "5"]
[EventCountry "ENG"]
[SourceTitle "EXT 2023"]
[Source "ChessBase"]
[SourceDate "2022.10.05"]
[SourceVersion "1"]
[SourceVersionDate "2022.10.05"]
[SourceQuality "1"]

1. c4 e5 2. g3 c6 3. d4 exd4 4. Qxd4 Na6 5. Bg2 Nf6 6. Nf3 Bc5 7. Qe5+ Qe7 8. Qxe7+ Kxe7 9. a3 Re8 10. 0-0 d5 11. cxd5 cxd5 12. b4 Bd6 13. Bb2 Rf8 14. Nc3 Nc7 15. Rfd1 Bd7 16. Nd4 Be5 17. h3 a5 18. e3 axb4 19. axb4 Rxa1 20. Bxa1 b6 21. Bf1 Bxd4 22. Rxd4 Ne6 23. Rd1 d4 24. exd4 Ng5 25. Bg2 Nxh3+ 26. Kf1 Ng5 27. d5 Bg4 28. Rd3 Nfe4 29. Nxe4 Nxe4 30. f3 Nxg3+ 31. Kf2 Bf5 32. Rd2 Nh5 1/2-1/2

[Event "Margate Thanet op"]
[Site "Margate"]
[Date "2008.08.17"]
[Round "4"]
[White "Mayhew, Andrew"]
[Black "Morris Hill, Ray"]
[Result "1/2-1/2"]
[WhiteElo "2016"]
[BlackElo "2063"]
[PlyCount "92"]
[EventDate "2008.08.15"]
[EventType "swiss"]
[EventRounds "5"]
[EventCountry "ENG"]
[SourceTitle "EXT 2011"]
[Source "ChessBase"]
[SourceDate "2010.11.26"]
[SourceVersion "1"]
[SourceVersionDate "2010.11.26"]
[SourceQuality "1"]

1. e4 d6 2. d4 Nf6 3. Nc3 e5 4. Nf3 Nbd7 5. Bc4 Be7 6. 0-0 0-0 7. Qe2 c6 8. Rd1 b5 9. Bb3 Qc7 10. d5 b4 11. dxc6 bxc3 12. cxd7 Bxd7 13. h3 cxb2 14. Bxb2 Qb7 15. Ba3 Bc6 16. Rab1 Qc7 17. Nd2 Rac8 18. c4 Qa5 19. Bb2 Qc5 20. Bc2 a5 21. Nb3 Qa7 22. c5 Rfd8 23. cxd6 Bxd6 24. Rxd6 Rxd6 25. Bxe5 Re6 26. Bd4 Qe7 27. e5 Nd7 28. Bf5 Qg5 29. g4 Ree8 30. Nxa5 g6 31. Bxd7 Bxd7 32. Nc4 Qf4 33. Qd2 Qe4 34. Re1 Qd5 35. Nb6 Qc6 36. Nxc8 Bxc8 37. Rc1 Qd5 38. Rc5 Qe4 39. Qe3 Qb1+ 40. Rc1 Qxa2 41. e6 Qxe6 42. Qh6 f6 43. Rc7 Re7 44. Rc1 Bb7 45. Qf4 g5 46. Qf5 Qxf5 1/2-1/2

[Event "Margate Thanet op"]
[Site "Margate"]
[Date "2008.08.16"]
[Round "2"]
[White "Morris Hill, Ray"]
[Black "Horton, David"]
[Result "1-0"]
[WhiteElo "2063"]
[BlackElo "1904"]
[PlyCount "81"]
[EventDate "2008.08.15"]
[EventType "swiss"]
[EventRounds "5"]
[EventCountry "ENG"]
[SourceTitle "EXT 2011"]
[Source "ChessBase"]
[SourceDate "2010.11.26"]
[SourceVersion "1"]
[SourceVersionDate "2010.11.26"]
[SourceQuality "1"]

1. e4 e5 2. Nf3 Nc6 3. Nc3 Nf6 4. g3 Bc5 5. Bg2 d6 6. h3 a6 7. 0-0 0-0 8. d3 h6 9. Be3 Bxe3 10. fxe3 Ne7 11. Nh4 Kh7 12. Qf3 c6 13. Nf5 Neg8 14. g4 g6 15. Ng3 Qe7 16. Rad1 Kg7 17. Rd2 Be6 18. d4 Rad8 19. Nge2 Bc8 20. Qg3 Rfe8 21. Qf3 b5 22. Ng3 b4 23. Nce2 a5 24. c3 c5 25. Rc1 Bb7 26. d5 Ba6 27. c4 Bc8 28. Kh1 Bd7 29. Ng1 a4 30. Bf1 Nh7 31. Rh2 Qh4 32. Qf2 Ng5 33. Nf5+ gxf5 34. Qxh4 fxe4 35. Qg3 Ne7 36. Be2 Rh8 37. Rf1 Rdf8 38. Qg2 f6 39. h4 Nh7 40. Nh3 Ng6 41. Nf2 1-0

[Event "Gibraltar Challengers"]
[Site "Gibraltar"]
[Date "2008.01.26"]
[Round "5"]
[White "Pendlebury, Ian G"]
[Black "Morris Hill, Ray"]
[Result "1-0"]
[WhiteElo "1952"]
[BlackElo "2129"]
[PlyCount "101"]
[EventDate "2008.01.22"]
[EventType "swiss"]
[EventRounds "5"]
[EventCountry "ENG"]
[SourceTitle "CBM 122 Extra"]
[Source "ChessBase"]
[SourceDate "2008.03.04"]
[SourceVersion "1"]
[SourceVersionDate "2008.03.04"]
[SourceQuality "1"]

1. d4 Nf6 2. Nf3 g6 3. c3 Bg7 4. Bg5 d5 5. Nbd2 0-0 6. e3 b6 7. Bd3 Bb7 8. Bxf6 exf6 9. 0-0 f5 10. c4 c6 11. cxd5 cxd5 12. g3 Nd7 13. Rc1 Nf6 14. Qa4 Qd6 15. Ba6 Bxa6 16. Qxa6 Nd7 17. Rc2 h6 18. h4 Bf6 19. Kg2 g5 20. hxg5 hxg5 21. Rh1 Kg7 22. Qb7 Rfb8 23. Qc6 Qxc6 24. Rxc6 g4 25. Ne1 Nf8 26. Nd3 Ng6 27. Rhc1 Ne7 28. Rc7 Rd8 29. Nb1 Nc8 30. Nc3 Nd6 31. Nf4 Ne8 32. Rc6 Bg5 33. Ncxd5 Bxf4 34. Nxf4 Nd6 35. Rc7 Rdc8 36. Rxc8 Rxc8 37. Rxc8 Nxc8 38. Kf1 Nd6 39. Ke2 Kf6 40. Nd5+ Ke6 41. Nc3 Ne4 42. Nxe4 fxe4 43. Kd2 Kd5 44. Kc3 a6 45. Kb4 f6 46. a3 f5 47. a4 Kd6 48. Kc4 Kc6 49. d5+ Kd6 50. Kd4 a5 51. b3 1-0

[Event "Gibraltar Challengers"]
[Site "Gibraltar"]
[Date "2008.01.24"]
[Round "3"]
[White "Hamer, Martyn"]
[Black "Morris Hill, Ray"]
[Result "1-0"]
[WhiteElo "1962"]
[BlackElo "2129"]
[PlyCount "123"]
[EventDate "2008.01.22"]
[EventType "swiss"]
[EventRounds "5"]
[EventCountry "ENG"]
[SourceTitle "CBM 122 Extra"]
[Source "ChessBase"]
[SourceDate "2008.03.04"]
[SourceVersion "1"]
[SourceVersionDate "2008.03.04"]
[SourceQuality "1"]

1. e4 c5 2. Nf3 Nc6 3. d4 cxd4 4. Nxd4 e5 5. Nb5 d6 6. c4 Be7 7. N1c3 a6 8. Na3 Be6 9. Be2 Bg5 10. 0-0 h6 11. Nc2 Nge7 12. Nd5 Bxc1 13. Rxc1 0-0 14. Qd2 Ng6 15. Rfd1 Qh4 16. Qe3 Rad8 17. Bf3 f5 18. exf5 Bxf5 19. b3 e4 20. g3 Qh3 21. Bg2 Qh5 22. Bxe4 Bxe4 23. Qxe4 Rde8 24. Qg2 Re2 25. Rf1 Nge5 26. Nf4 Rxf4 27. gxf4 Nf3+ 28. Kh1 Re6 29. Ne1 Ncd4 30. Nxf3 Rg6 31. Ng5 hxg5 32. Qd5+ Kh7 33. f3 Ne2 34. Rc2 Ng3+ 35. Kg2 Nxf1 36. Kxf1 Qh3+ 37. Ke1 gxf4 38. Re2 Qh4+ 39. Kd2 Qf6 40. Qe4 Qb2+ 41. Kd3 Qb1+ 42. Kd4 Qg1+ 43. Kc3 Qg5 44. Qxb7 Qf6+ 45. Kb4 a5+ 46. Ka3 Qf8 47. Qe7 Qf5 48. Qe4 Qc5+ 49. Kb2 Qg5 50. Rd2 Qf6+ 51. Ka3 Kh6 52. Rd4 Rg2 53. Qxf4+ Qxf4 54. Rxf4 Rxh2 55. Rd4 Rf2 56. Rxd6+ Kh5 57. Rd3 g5 58. Rc3 Kh4 59. c5 Kg3 60. c6 Rxf3 61. Rxf3+ Kxf3 62. c7 1-0